| 000 | 00792nam a22002177a 4500 | ||
|---|---|---|---|
| 999 |
_c19919 _d19919 |
||
| 003 | AR-CdUCM | ||
| 008 | 190523b ||||| |||| 00| 0 spa d | ||
| 040 |
_aMUNICIPALIDAD PROVINCIAL DEL CUSCO _cBIBLIOTECA MUNICIPAL DEL CUSCO |
||
| 082 |
_a375.52 / _bC63 |
||
| 100 |
_aClifton Moffitt, John _941634 |
||
| 245 | _aPerfeccionamiento docente / | ||
| 260 |
_aMéxico : _bTroquel, _c1971. |
||
| 300 |
_a129 páginas : _c25 cm. |
||
| 440 |
_aBiblioteca de la nueva educación _940302 |
||
| 505 | _aContenido : La necesidad de una continua formación de docentes -- El impacto de cambio -- Métodos de perfeccionamiento docente... | ||
| 650 |
_aMétodos prácticos _929476 |
||
| 650 |
_aInvestigaciones _941635 |
||
| 650 |
_aTácticas educativas _941636 |
||
| 942 |
_2ddc _cLIBROS |
||
| 945 | _arcc | ||